Les clubs de Roundnet français ! - Statistiques

Statistiques générales
  • Ce quiz a été pris 33 fois
  • Le résultat moyen est 20 sur 28
Statistiques - réponses
Hint Réponse % Correct
Nord Roundnet Paris
100%
Ouest Titans Roundnet (Nantes)
100%
Ouest Roundnet Bordeaux
96%
Centre Roundnet Clermont-Ferrand
96%
Nord Roundnet Lille
96%
Centre Roundnet Lyon
96%
Sud Roundnet Toulouse
96%
Centre Alpes Roundnet (Grenoble)
93%
Nord Gif-sur-Roundnet (Gif-surYvette)
93%
Sud Roundnet Montpellier
89%
Ouest Roazhon Roundnet Club (Rennes)
86%
Est Roundnet Strabourg ASPTT
86%
Est Roundnet'z'ala (Mulhouse)
86%
Centre Dijon Roundnet
82%
DROM Roundnet Réunion
82%
Ouest Roundnet Angers
75%
Est Annecy Roundnet
71%
Nord Roundnet Rouen
68%
Ouest Brest Roundnet
64%
Centre Roundnet Saint-Etienne
57%
Sud Roundnet Avignon
54%
Centre Association sportive de l'INSA Centre Val de Loire
50%
Nord Caen Roundnet Club
43%
Est Roundnet Savoie (Chambéry)
36%
Ouest LegHornet Roundnet Club (Leguevin)
32%
Est Roundnet Laon
29%
Sud Roundnet Corse
25%
Ouest Roundnet Lannion
25%
Aucun quiz correspondant
Distribution des résultats
% des personnes avec chaque résultat
Percentile par nombre de réponses
Votre historique - résultats
Vous n’avez pas pris ce quiz